God as Trinity (Record no. 6312)

MARC details
000 -LEADER
fixed length control field 00615nam a2200241 a 4500
020 ## - INTERNATIONAL STANDARD BOOK NUMBER
ISBN 0664020
082 00 - DEWEY DECIMAL CLASSIFICATION NUMBER
Classification number 231.044
Author Cutter PET
100 ## - MAIN ENTRY--AUTHOR NAME
Author name Peters, Ted
245 ## - TITLE STATEMENT
Title God as Trinity
Sub title Relationality and Temporality in Divine Life
260 ## - PUBLICATION, DISTRIBUTION, ETC. (IMPRINT)
Place of publication Louisville
Name of publisher Westminister Press
Year of publication 1993
300 ## - PHYSICAL DESCRIPTION
Number of Pages 239p
500 ## - GENERAL NOTE
General note includes index and biblioraphy
505 2# - FORMATTED CONTENTS NOTE
Formatted contents note Index
650 ## - SUBJECT ADDED ENTRY--TOPICAL TERM
Topical Term God-Trinity
942 ## - ADDED ENTRY ELEMENTS (KOHA)
Koha item type Books
700 1# -
-- Peters, Ted
Holdings
Collection code Home library Current library Date acquired Cost, normal purchase price Full call number Accession Number Koha item type
  Henry Martyn Institute Library Henry Martyn Institute Library 06/15/2007 100.00 231.044 PET 014931 Books
                   Copyright © 2026 | Henry Martyn Institute | Hyderabad | TS-500052 | INDIA | Implemented by hmi.edu.in
Hit-Count:

Powered by Koha